000 00331nam a22001457a 4500
008 210527b ||||| |||| 00| 0 eng d
020 _a9780393283402
041 _aeng
080 _27th
_a94
082 _a94
100 _a16
101 _aSHH
245 _aEssentials of International Relations
_cMingst,K.A
942 _2udc
_cBK
999 _c57736
_d57736